R&B Music : Find the artist of this 90's Hits - Statistics

General Stats
  • This quiz has been taken 83 times
  • The average score is 13 of 20
Answer Stats
Song Artist % Correct
3 Waterfalls TLC
96%
9 Bills, Bills, Bills Destiny's Child
91%
13 The Boy Is Mine Brandy and Monica
89%
7 Endless Love (With Mariah Carey) Luther Vandross, Mariah Carey
85%
4 End Of The Road Boyz II Men
84%
19 Fantasy Mariah Carey
84%
11 Remember The Time Michael Jackson
84%
5 Doo Wop (That Thing) Ms.Lauryn Hill
81%
14 Un-Break My Heart Toni Braxton
75%
17 That's The Way Love Goes Janet Jackson
68%
20 You Make Me Wanna... Usher
63%
2 My Love Is Your Love Whitney Houston
56%
18 Real Love Mary J. Blige
49%
1 Diamonds and Pearls Prince and the New Power Generation
49%
16 On&On Erykah Badu
48%
10 At Your Best (You are Love) Aaliyah
47%
6 Don't Let Go (Love) En Vogue
47%
8 No Ordinary Love Sade
45%
12 I Love Your Smile Shanice
25%
15 Ascencion (Don't Ever Wonder) Maxwell
24%
No matching quizzes found
Score Distribution
Percent of People with Each Score
Percentile by Number Answered
Your Score History
You have not taken this quiz